[Event "Hastings Masters op 98th"]
[Site "Hastings"]
[Date "2024.12.31"]
[Round "6"]
[White "Siva, Mahadevan"]
[Black "Royal, Shreyas"]
[Result "0-1"]
[WhiteElo "2349"]
[BlackElo "2522"]
[PlyCount "70"]
[EventDate "2024.12.28"]
[EventType "swiss"]
[EventRounds "9"]
[EventCountry "ENG"]
[SourceTitle "CB02_2025"]
[SourceDate "2025.01.08"]
[SourceVersion "1"]
[SourceVersionDate "2025.01.08"]
[SourceQuality "1"]

1. e4 c6 2. d4 d5 3. e5 Bf5 4. Nf3 e6 5. Be2 a5 6. a4 Nd7 7. 0-0 h6 8. Nbd2 Ne7 9. Nb3 Bg4 10. Bd2 Nf5 11. Qe1 b6 12. Rc1 Be7 13. c4 0-0 14. h3 Bxf3 15. Bxf3 f6 16. exf6 Rxf6 17. cxd5 cxd5 18. Rc6 Bd6 19. Qe2 Qf8 20. Bg4 Re8 21. Re1 Kh8 22. Qd3 Bb8 23. Re2 Nd6 24. Be1 Qf7 25. h4 Rf4 26. f3 e5 27. Bxd7 Qxd7 28. Rxb6 e4 29. fxe4 dxe4 30. Qa6 Nf5 31. Qb5 Nxd4 32. Nxd4 Qxd4+ 33. Rf2 Rxf2 34. Rxh6+ Kg8 35. Bc3 Qd1+ 0-1

[Event "Hastings Masters op 98th"]
[Site "Hastings"]
[Date "2024.12.29"]
[Round "3"]
[White "Brewer, Callum D"]
[Black "Royal, Shreyas"]
[Result "1/2-1/2"]
[WhiteElo "2151"]
[BlackElo "2522"]
[PlyCount "88"]
[EventDate "2024.12.28"]
[EventType "swiss"]
[EventRounds "9"]
[EventCountry "ENG"]
[SourceTitle "CB02_2025"]
[SourceDate "2025.01.08"]
[SourceVersion "1"]
[SourceVersionDate "2025.01.08"]
[SourceQuality "1"]

1. e4 c5 2. Nf3 d6 3. Bb5+ Nd7 4. d4 cxd4 5. Qxd4 a6 6. Be2 Ngf6 7. 0-0 e6 8. c4 Be7 9. Nc3 0-0 10. h3 Qc7 11. Be3 Ne5 12. Nxe5 dxe5 13. Qb6 Qb8 14. Rfd1 Bd7 15. Bc5 Bxc5 16. Qxc5 Bc6 17. f3 Rc8 18. Qf2 Qc7 19. Kh2 Rd8 20. Bf1 Rd4 21. Qc2 Be8 22. b3 Rad8 23. Ne2 R4d6 24. Nc3 b5 25. Rxd6 Rxd6 26. Rd1 Rd4 27. Bd3 bxc4 28. Bxc4 Bb5 29. Ne2 Rxd1 30. Qxd1 Bxc4 31. bxc4 Nd7 32. Qa4 Qd6 33. Nc1 f5 34. Nb3 fxe4 35. fxe4 Nf6 36. c5 Qd3 37. c6 Nxe4 38. c7 Qg3+ 39. Kg1 Qf2+ 40. Kh2 Qf4+ 41. Kg1 Qe3+ 42. Kh2 Qg3+ 43. Kg1 Qe1+ 44. Kh2 Qg3+ 1/2-1/2

[Event "Hastings Masters op 98th"]
[Site "Hastings"]
[Date "2024.12.29"]
[Round "2"]
[White "Royal, Shreyas"]
[Black "Saunders, Aron"]
[Result "1-0"]
[WhiteElo "2522"]
[BlackElo "2106"]
[PlyCount "51"]
[EventDate "2024.12.28"]
[EventType "swiss"]
[EventRounds "9"]
[EventCountry "ENG"]
[SourceTitle "CB02_2025"]
[SourceDate "2025.01.08"]
[SourceVersion "1"]
[SourceVersionDate "2025.01.08"]
[SourceQuality "1"]

1. e4 c6 2. d4 d5 3. Nc3 dxe4 4. Nxe4 Bf5 5. Ng3 Bg6 6. h4 h6 7. Nf3 Nd7 8. Bd3 Bxd3 9. Qxd3 e6 10. Bf4 Qa5+ 11. Bd2 Bb4 12. c3 Be7 13. c4 Qc7 14. Nh5 g6 15. Ng7+ Kf8 16. Nxe6+ fxe6 17. Qxg6 Bf6 18. 0-0-0 c5 19. Rh3 cxd4 20. Bb4+ Ne7 21. Nxd4 Qxc4+ 22. Rc3 Qd5 23. Rf3 Rc8+ 24. Kb1 Qe5 25. Re3 Nc5 26. Bxc5 1-0

[Event "London Classic Superblitz Gp-D"]
[Site "London"]
[Date "2024.12.07"]
[Round "6"]
[White "Royal, Shreyas"]
[Black "Watson, William N"]
[Result "0-1"]
[WhiteElo "2522"]
[BlackElo "2475"]
[PlyCount "48"]
[EventDate "2024.12.07"]
[EventType "tourn (blitz)"]
[EventRounds "7"]
[EventCountry "ENG"]
[EventCategory "9"]
[SourceTitle "CB04_2025"]
[SourceDate "2025.01.22"]
[SourceVersion "1"]
[SourceVersionDate "2025.01.22"]
[SourceQuality "1"]

1. Nf3 Nf6 2. d4 d6 3. c4 g6 4. Nc3 Bf5 5. Qb3 Qc8 6. g3 Ne4 7. Bg2 Nxc3 8. bxc3 Be4 9. h4 Bg7 10. h5 Nc6 11. hxg6 hxg6 12. Rxh8+ Bxh8 13. Qb5 Bf6 14. Bg5 a6 15. Qa4 Bxg5 16. Nxg5 Bxg2 17. f3 Qf5 18. Ne4 Bxf3 19. exf3 Qxf3 20. Nd2 Qxc3 21. Rb1 0-0-0 22. d5 Nd4 23. Kd1 Rh8 24. Nf1 Qd3+ 0-1